| 000 | 00814nam a22002417a 4500 | ||
|---|---|---|---|
| 003 | CO-BoRNBP | ||
| 005 | 20230913165329.0 | ||
| 008 | 140923b ck||||| |||| 00| 0 spa d | ||
| 020 | _a9789588806440 | ||
| 040 |
_aCO-BoRNBP _bspa _erda _cCO-BoRNBP |
||
| 082 | 0 | 4 |
_aCo864 G192g _222 |
| 100 | 1 |
_aGamboa, Santiago, _d1965- _94360 |
|
| 245 | 1 | 3 |
_aLa guerra y la paz _cSantiago Gamboa |
| 250 |
_a1a. edición _b1a. reimpresión |
||
| 264 |
_aBogotá _bDebate _c2014 |
||
| 300 |
_a222 páginas _bilustraciones en color y en blanco y negro _c23 cm. |
||
| 336 |
_atexto _btxt _2rdacontent |
||
| 337 |
_asin mediación _bn _2rdamedia |
||
| 338 |
_avolumen _bnc _2rdacarrier |
||
| 650 | 1 | 4 |
_2LEMB _aConflicto armado _xAspectos sociales _zColombia. _94361 |
| 650 | 1 | 4 |
_2LEMB _aProceso de paz _xHistoria _zColombia. _94362 |
| 942 |
_2ddc _cBK |
||
| 999 |
_c532 _d532 |
||